Cinco siglos: La conquista de América Latina y el derecho de guerra y otros ensayos
Guardado en:
| Autor principal: | |
|---|---|
| Autor Corporativo: | |
| Formato: | Texto |
| Publicado: |
Bogotá:
CEIUA
|
| Etiquetas: |
Agregar Etiqueta
Sin Etiquetas, Sea el primero en etiquetar este registro!
|
MARC
| LEADER | 00000 a a2200000 04500 | ||
|---|---|---|---|
| 001 | 24446 | ||
| 003 | |||
| 040 | |||
| 090 | |a 175300 | ||
| 100 | |a Valencia Villa, Alejandro | ||
| 110 | |a Centro de estudios Internacionales de la Universidad de los Andes | ||
| 245 | |a Cinco siglos: La conquista de América Latina y el derecho de guerra y otros ensayos | ||
| 260 | |a Bogotá: |b CEIUA | ||
| 300 | |a 57 p; n. 25 | ||
| 999 | |c 13277 |d 13277 | ||
